Harvest Festivals Quiz Stats

 Plays Quiz Updated Mar 31, 2020

     
Support Sporcle.
Go Orange.
Score 0/14 Timer 05:00
0 Plays Today
Location Answer % Correct
CanadaThanksgiving Day
93.9%
United StatesThanksgiving Day
93.9%
Jewish/HebrewSukkoth
22.7%
Tamil Nadu, IndiaPongal
5.5%
Kerala, IndiaOnam
5.1%
Ancient EgyptMin
4.9%
Ancient RomeCerelia
4.8%
Location Answer % Correct
KoreaChusok
4.8%
GermanyErntedankfest
4.7%
Ancient GreeceThesmosphoria
4.6%
VietnamTet-Trung-Thu
4.4%
Punjab, IndiaVaisakhi
3.9%
Ghana and NigeriaThe Yam Festival
3.4%
ChinaChung Ch'ui
2.9%

From the Vault

Strikeout Leaders by Decade

by Frosty

Sports 12m
Striking out against one of these guys is nothing to feel bad about. Striking out in slow pitch softball is another story.
Remove Ads.
Support Sporcle.
Get the best of Sporcle when you Go Orange. This ad-free experience offers more features, more stats, and more fun while also helping to support Sporcle. Thank you for becoming a member.

Show Comments

Extras

Top Quizzes Today


Score Distribution

Your Account Isn't Verified!

In order to create a playlist on Sporcle, you need to verify the email address you used during registration. Go to your Sporcle Settings to finish the process.

Report this User

Report this user for behavior that violates our Community Guidelines.

Details: